Les équipes de la LHJMQ - Statistiques

Statistiques générales
  • Ce quiz a été pris 331 fois
  • Le résultat moyen est 13 sur 18
Statistiques - réponses
Réponse % Correct
Remparts de Québec
89%
Armada de Blainville-Boisbriand
83%
Océanic de Rimouski
81%
Foreurs de Val-d'Or
80%
Huskies de Rouyn-Noranda
77%
Saguenéens de Chicoutimi
77%
Tigres de Victoriaville
77%
Olympiques de Gatineau
73%
Drakkar de Baie-Comeau
71%
Mooseheads de Halifax
71%
Sea Dogs de Saint John
71%
Voltigeurs de Drummondville
71%
Phoenix de Sherbrooke
70%
Caratactes de Shawinigan
66%
Titan d'Acadie-Bathurst
66%
Wildcats de Moncton
61%
Islanders de Charlottetown
59%
Screaming Eagles du Cap Breton
46%
Aucun quiz correspondant
Distribution des résultats
% des personnes avec chaque résultat
Percentile par nombre de réponses
Votre historique - résultats
Vous n’avez pas pris ce quiz